Country Inception - Statistics

General Stats
  • This quiz has been taken 25 times
  • The average score is 7 of 11
Answer Stats
Hint Answer % Correct
United Kingdom England
95%
United Kingdom Scotland
95%
United Kingdom Northern Ireland
91%
United Kingdom Wales
91%
Kingdom of Denmark Greenland
82%
Kingdom of the Netherlands Netherlands
68%
Kingdom of Denmark Denmark
64%
Kingdom of Denmark Faroe Islands
41%
Kingdom of the Netherlands Curaçao
36%
Kingdom of the Netherlands Aruba
32%
Kingdom of the Netherlands Sint Maarten
23%
No matching quizzes found
Score Distribution
Percent of People with Each Score
Percentile by Number Answered
Your Score History
You have not taken this quiz